Regular expressions : the complete tutorial

Saved in:
Bibliographic Details
Main Author: Goyvaerts, Jan
Format: Book
Language:English
Published: [United Kingdom] : [Lightning Source], [2006]
Subjects:
Tags: Add Tag
No Tags, Be the first to tag this record!

MARC

LEADER 00000nam a2200000 i 4500
001 1/74035
008 080209s2006 eng d
020 |a 1-4116-7760-9 
035 |l 10094537 
040 |a GR-MY-UA  |b gre  |e aacr 
041 0 |a eng 
082 0 |a 005.52  |2 (22) 
100 1 |a Goyvaerts, Jan. 
245 1 0 |a Regular expressions :  |b the complete tutorial /  |c Jan Goyvaerts 
260 |a [United Kingdom] :   |b [Lightning Source],   |c [2006] 
300 |a iv, 181 σ.;  |c 23 εκ. 
504 |a Περιλαμβάνει ευρετήριο 
650 0 0 |a Text processing (Computer science) 
650 0 0 |a Programming languages (Electronic computers)  |x Syntax. 
650 0 0 |a Computer programming. 
852 |a INST  |b RHODES  |e 20080209  |h 005.52 GOY  |p 005400030013  |q 005400030013  |t BK  |y 0 
901 |a BIBL4-2008-1 
909 |a Ρ  |b 145310 
922 |a 4ΕΛΗ  |b 200801  |c ΕΠΕΑΕΚ2/ΤΜΣ  |d ΠΑΠΑΣΩΤΗΡΙΟΥ 
970 |a ΧΑΡΙΟΠΟΛΙΤΟΥ  |b ΚΩΝΣΤΑΝΤΙΝΑ  |z 2008/02/09